Numerical Mathematics and Computing / (Record no. 26642)

000 -LEADER
fixed length control field 00562 a2200181 4500
008 - FIXED-LENGTH DATA ELEMENTS--GENERAL INFORMATION
fixed length control field 230623b ||||| |||| 00| 0 eng d
020 ## - INTERNATIONAL STANDARD BOOK NUMBER
International Standard Book Number 9788131519523
Terms of availability Rs899.00
041 0# - LANGUAGE CODE
Language code of text/sound track or separate title eng
082 00 - DEWEY DECIMAL CLASSIFICATION NUMBER
Classification number 518.285
Item number C51868
100 ## - MAIN ENTRY--PERSONAL NAME
Personal name Cheney, Ward
245 ## - TITLE STATEMENT
Title Numerical Mathematics and Computing /
250 ## - EDITION STATEMENT
Edition statement 7th ed.
260 ## - PUBLICATION, DISTRIBUTION, ETC. (IMPRINT)
Place of publication, distribution, etc Delhi:
Name of publisher, distributor, etc Cengage Learning India Pvt. Ltd,
Date of publication, distribution, etc 2013.
300 ## - PHYSICAL DESCRIPTION
Extent xxii, 678 p. :
Other physical details ill. ;
Dimensions 26 cm
650 #0 - SUBJECT ADDED ENTRY--TOPICAL TERM
Topical term or geographic name as entry element Numerical analysis-Data Processing
700 ## - ADDED ENTRY--PERSONAL NAME
9 (RLIN) 5542
Personal name Kincaid, David
942 ## - ADDED ENTRY ELEMENTS (KOHA)
Source of classification or shelving scheme
Item type Books
Holdings
Withdrawn status Lost status Source of classification or shelving scheme Damaged status Not for loan Permanent location Current location Shelving location Date acquired Source of acquisition Cost, normal purchase price Full call number Barcode Date last seen Cost, replacement price Koha item type Total Checkouts Date last borrowed
          IMU Kolkata IMU Kolkata Reference 2023-06-23 4 673.80 518.285 C51868 14096 2023-06-23 899.00 Books    
          IMU Kolkata IMU Kolkata   2023-06-23 4 673.80 518.285 C51868 14097 2026-02-13 899.00 Books 2 2026-02-13
Designed and Maintained by IMU-KC Library, Kolkata Campus © Copyright All Rights Reserved

webs counters

Powered by Koha